000 00199nam a22000857a 4500
008 170626b xxu||||| |||| 00| 0 eng d
100 _93684
_aDatt. R
245 _aIndian Economy
260 _aNew Delhi
_c2009
999 _c7100
_d7100